00545nam a2200205Ia 4500003000400000005001700004006001800021007000300039008004100042024001100083037001200094040002000106041001300126082001500139100002000154245009700174260003700271300001800308650001300326OSt20220918191204.0a|||||r|||| 00| 0ta220917b |||||||| |||| 00| 0 eng d a61,906 cTextual aARTScARTSbeng 2engaeng aQ6:365, N0 aCamporesi Piero 0aFear of hell b images of damnation and salvation in early modern Europe tr by Lucinda Byatt aOxfordbPolity Press c1990 aix,221p.ccm. aRELIGION